| 000 | 02964nam a22003377a 4500 | ||
|---|---|---|---|
| 001 | TIC 0001 | ||
| 003 | gtcocun | ||
| 005 | 20250924164914.0 | ||
| 006 | a||||gr|||| 00| 0 | ||
| 007 | ta | ||
| 008 | 250924b2019 gt ||||| m||| 00| 0 eng d | ||
| 040 |
_agtcocun _bSPA _cgtcocun _eRDA |
||
| 041 | _aSPA TIC 0001 | ||
| 084 | _0TIC 0001 | ||
| 100 |
_aMendoza Barrientos, Rocío _eAutor |
||
| 245 |
_aDISEÑO Y PLANIFICACIÓN DE MERCADO MUNICIPAL, FINCA CHÍO TALPETATE, COBÁN, ALTA VERAPAZ./ _cRocío Mendoza Barrientos _hImpreso |
||
| 264 |
_aCobán, Alta Verapaz: _bUniversidad de San Carlos de Guatemala, Centro Universitario del Norte, Ingeniería Civil, _c2019 |
||
| 300 |
_a187 p.: _bIlustraciones, gráficas. _c28 cm; |
||
| 300 | _cPDF | ||
| 336 |
_2rdacontenido _aTexto _btxt |
||
| 337 |
_2rdamedio _aComputadora _bn |
||
| 338 |
_2rdasoporte _aCódigo en línea _bcr |
||
| 502 | _eTIC 0001 | ||
| 502 |
_aTesis de grado _bIngeniería Civil, _cUniversidad de San Carlos de Guatemala, Centro Universitario del Norte, Ingeniería Civil, _d2019 _oTIC 0001 |
||
| 520 | 1 | 4 | _aEl Ejercicio Profesional Supervisado se realizó bajo la dirección del Centro Universitario del Norte. El presente informe contiene de manera detallada la ejecución de las actividades en la temática de la ingeniería civil, realizadas en la institución designada, la municipalidad de Cobán, dividiéndose en ocho meses correspondientes en las siguientes etapas: diagnóstica, plan de trabajo y ejecución de actividades. Inicialmente se desarrolló la investigación diagnostica del municipio de Cobán, enfocándose principalmente en la infraestructura y urbanización; en esta etapa se obtuvo como resultado la identificación y jerarquización de los problemas más relevantes del municipio, el cual definió las actividades que se podrían realizar en respuesta a dichos problemas. Según los problemas más sobresalientes se optó por ejecutar el diseño y planificación de mercado municipal de Cobán, con la finalidad de promover una infraestructura idónea para la comercialización de productos de la canasta básica y descongestionamiento de las principales vías de acceso al casco urbano del municipio. La organización, dirección y ejecución de cada actividad necesaria para la elaboración del proyecto, integró las áreas curriculares abarcadas durante los años de estudio, y permitió crear escenarios de retroalimentación para desarrollar criterios de sistematización de soluciones a problemáticas de interés técnico y social. |
| 650 | 1 | 4 |
_2LEMB _aCobán, Alta Verapaz. _xIngeniería _xOrganización _xCasco urbano _xComercilaización _xProyecto _xProblemáticas |
| 700 |
_aIng. Civil Marlon Alexander Moran Castro _eAsesor |
||
| 856 |
_uhttps://drive.google.com/file/d/1JiZf4K0-YjOgCCzsCT6rSK9w52WzcjEf/view _yPDF _zUn ejemplar en línea. |
||
| 942 |
_2ddc _cTES _iTIC 0001 _kClasificación _n0 _6TIC_0001_000000000000000 |
||
| 999 |
_c2118 _d2118 |
||